| 000 | 00925nam a22002537a 4500 | ||
|---|---|---|---|
| 999 |
_c19943 _d19943 |
||
| 003 | AR-CdUCM | ||
| 008 | 190523b ||||| |||| 00| 0 spa d | ||
| 040 |
_aMUNICIPALIDAD PROVINCIAL DEL CUSCO _cBIBLIOTECA MUNICIPAL DEL CUSCO |
||
| 082 |
_a711.973 / _bK13 |
||
| 100 |
_aKain. John F. _941704 |
||
| 245 | _aEl enigma metropolitano / | ||
| 260 |
_aBuenos Aires : _bInfinito, _c1970. |
||
| 300 |
_a382 páginas ; _bCuadros _c25 cm. |
||
| 440 |
_aBiblioteca de planeamiento y vivienda _n13 _941705 |
||
| 505 | _a Contenido : La distribución y el movimiento de los empleos y la industria -- Transporte urbano -- El financiamiento del gobierno urbano... | ||
| 650 |
_aRealidad metropolitana _941706 |
||
| 650 |
_aContaminación _98804 |
||
| 650 |
_aRaza y migración _941707 |
||
| 700 |
_aMeyer, John R. _941708 |
||
| 700 |
_aNetzer, Dick _941709 |
||
| 700 |
_aRevelle, Roger _941710 |
||
| 942 |
_2ddc _cLIBROS |
||
| 945 | _arcc | ||